محمد رسول الحرية/ (Record no. 14115)
[ view plain ]
| 000 -الفاتح | |
|---|---|
| حقل البيانات ثابتة الطول | 00702nam a22001697a 4500 |
| 008 - عناصر البيانات ثابتة الطول - معلومات عامة | |
| حقل البيانات ثابتة الطول | 100412s2008 ua|||||r|||| 000 0 ara d |
| 020 ## - الرقم الدولى المعيارى للكتب | |
| الرقم الدولى المعيارى للكتاب | 9772015960 |
| 082 ## - رقم تصنيف ديوى العشرى | |
| رقم الطبعة | 22 |
| رقم التصنيف | 239 |
| رقم المادة | ش ر ق |
| 100 ## - المدخل الرئيسى - إسم شخصى | |
| 9 (RLIN) | 13449 |
| الإسم الشخصى | الشرقاوي، عبد الرحمن |
| 245 ## - بيان العنوان | |
| العنوان | محمد رسول الحرية/ |
| بيان المسئوليه,etc | عبد الرحمن الشرقاوي |
| 260 ## - PUBLICATION, DISTRIBUTION, ETC. (IMPRINT) | |
| مكان الناشر او الموزع | القاهرة: |
| اسم الناشر او الموزع | دار الشروق ، 1978 |
| تاريخ النشر أو التوزيع | 1978 |
| 300 ## - الوصف المادى | |
| التعداد | 435 ؛ ص |
| أبعاد الوعاء | 22 سم |
| 500 ## - تبصرة عامة | |
| تبصرة عامة | إهداء: علاء عبد الغني |
| 650 ## - المدخل الاضافى بالموضوع-مصطلح موضوعى | |
| 9 (RLIN) | 13450 |
| مصطلح موضوعي أو اسم جغرافي كعنصر مدخل | السيرة النبوية |
| 942 ## - عناصر المدخل الإضافي( كوها) | |
| مصدر التصنيف او مخطط الترفيف | Dewey Decimal Classification |
| Koha [default] item type | Book - Borrowing |
| حالة التراجع | حالة الفقد | مصدر التصنيف او خطة الترفيف | حالة تلف | ليس للاعارة | المكان الدائم | المكان الحالي | موقع الترفيف | تاريخ الاكتساب | Source of acquisition | رقم الاستدعاء | الباركود | Date last seen | مُعار | نوع الوعاء |
|---|---|---|---|---|---|---|---|---|---|---|---|---|---|---|
| Dewey Decimal Classification | Central Library | Central Library | Lower Floor | 17/06/2010 | Purchase | 239 ش ر ق | 000020424 | 15/07/2025 | 07/12/2020 | Book - Borrowing |